000 00483 a2200121 4500
001 ART_42698
005 20260410161736.0
008 260409a
245 1 0 _aLas prestaciones dinerarias en la Ley Nº 24557 de Riesgos de Trabajo
100 1 _aGonzález Galé, Héctor L.
700 1 _aAlonso, Juan Carlos
773 0 _tEjecutivos de finanzas
_gConcursos y quiebras: ¿una ley automática?. Lo que hay que saber sobre ARTs - Año 11, Nº 122 (dic. 1995)
_wREV2863
999 _c18349
_d18349